书目信息 |
| 题名: |
鲁迅日记
|
|
| 作者: | 鲁迅 著 | |
| 分册: | 下卷 | |
| 出版信息: | 北京 人民文学出版社 1976.7 |
|
| 页数: | 588-1039页 | |
| 开本: | 21cm | |
| 丛书名: | ||
| 单 册: | ||
| 中图分类: | I210.7 | |
| 科图分类: | ||
| 主题词: | ||
| 电子资源: | ||
| ISBN: | ||
| 000 | 00431nam0 2200169 45 | |
| 001 | 0181017569 | |
| 005 | 20060727112528.60 | |
| 010 | @b精装@dCNY3.90 | |
| 100 | @a20810111d km y0chiy0120 ea | |
| 101 | 0 | @achi |
| 200 | 1 | @Aluxunriji@a鲁迅日记@f鲁迅著@h下卷 |
| 210 | @a北京@c人民文学出版社@d1976.7 | |
| 215 | @a588-1039页@c无图表@d21cm | |
| 690 | @aI210.7 | |
| 701 | 0 | @a鲁迅@4著 |
| 801 | @aCN@bTSTC@c20060727 | |
| 905 | @dI210.7@e149:2 | |
| 鲁迅日记/鲁迅著.下卷.-北京:人民文学出版社,1976.7 |
| 588-1039页:无图表;21cm |
| ISBN (精装):CNY3.90 |
| ● |
| 相关链接 |
|
|
|
|
正题名:鲁迅日记
索取号:I210.7/149:2
 
预约/预借
| 序号 | 登录号 | 条形码 | 馆藏地/架位号 | 状态 | 备注 |
| 1 | 0428131 | 204281311 | 密集书库/ [索取号:I210.7/149:2] | 在馆 |